| 000 | 01281nam a2200349 c 4500 | ||
|---|---|---|---|
| 999 |
_c101557 _d101557 |
||
| 003 | BLK | ||
| 005 | 20250726120835.0 | ||
| 008 | 180409b bul|||||r ||||||| ||bul|| | ||
| 010 | _aKNG00106607000 | ||
| 020 | _a978-954-27-0686-1 | ||
| 040 | _aBLK | ||
| 041 |
_aBUL _cBUL |
||
| 072 | 7 |
_2bullib _aН85 _xДетска художествена литература Н |
|
| 080 |
_aАмериканска литература (на САЩ) _b821.111(73) _x-93-34 _z821.111(73)-93-34 |
||
| 139 |
_aРапунцел и разбойникът _bР 37 |
||
| 245 | 1 | 0 |
_aРапунцел и разбойникът _cпрев. Венета Янкова. |
| 257 | _aUSA | ||
| 260 |
_bЕгмонт България _c2011 _fОтпеч. в Полша _aСофия |
||
| 300 |
_a64 с. _bс цв. ил. _c28 см |
||
| 380 | _aDX | ||
| 490 |
_aПриказна колекция _v18 _9203480 _gСерия - Книги |
||
| 500 | _aОриг. загл.: Tangled. | ||
| 659 | _aН | ||
| 700 | 1 |
_aЯнкова, Венета _eпрев. _9295179 |
|
| 852 | _aЦб ІІ 17230 | ||
| 856 | 4 | _qpdf | |
| 856 | 4 | _qpdf | |
| 942 |
_cKNG _n0 _083 _s1 |
||
| 944 |
_aCR _c17.05.2012 _k30552 _lВиолета Тройчева |
||
| 944 |
_aED _c08.03.2016 _kВиолета_Тройчева |
||
| 999 | _d101557 | ||